000 00564nam a2200229Ia 4500
003 0100
008 130227s9999 xx 000 0 und d
040 _cARRUPELIB
050 _aLC93.G7E3725
245 _aEducation answers back
245 _bcritical responses to government policy
260 _aLondon
260 _bLawrence & Wishart
260 _C1993
300 _a181p.
300 _b 23 cm
650 _bTheology - Study & teaching
650 _cChurch
650 _dClergy
700 _aSimon, Brian ; Chitty, Clyde (ed.)
942 _2lcc
_01
999 _c1556
_d1556